000 00558nmm a2200181Ia 4500
008 251105s9999||||xx |||||||||||||||||und||
020 _a8480181656
041 _aspa
100 _aBelmonte Serrano, José
245 0 _aEl 98 se pasea por el callejón del gato :
_b Proceso a una generación
264 _a[Madrid, España] :
_bAguaclara,
_c1999
300 _a184 páginas
490 _aAmalgama
700 _aBelmonte Serrano, José
700 1 _a Gutiérrez Ruiz, Pedro (eds.)
856 _uhttps://public.digitaliapublishing.com/a/101
942 _cCF
999 _c62667
_d62667